Normal view MARC view

Entry Topical Term

Number of records used in: 1

001 - CONTROL NUMBER

  • control field: 46867

003 - CONTROL NUMBER IDENTIFIER

  • control field:

005 - DATE AND TIME OF LATEST TRANSACTION

  • control field: 20240425145824.0

008 - FIXED-LENGTH DATA ELEMENTS

  • fixed length control field: 240425|| aca||aabn | a|a d

040 ## - CATALOGING SOURCE

  • Original cataloging agency:
  • Transcribing agency:

150 ## - HEADING--TOPICAL TERM

  • Topical term or geographic name entry element: Motor vehicles
  • Form subdivision: Inspection-Nigeria

670 ## - SOURCE DATA FOUND

  • Source citation: Work cat.: ()25293: Nigerian Standard Organization 46866, Road vehicles inspection and tasting procedures for motor vehicle, trailers and semi trailers /, 1982

National Library of Nigeria OPAC is powered by Koha